La colonización alemana, el pasado y el futuro : (Record no. 139742)

MARC details
000 -LEADER
campo de control de longitud fija 00670nam a2200193 i 4500
001 - NÚMERO DE CONTROL
campo de control 139742
003 - IDENTIFICADOR DE NÚMERO DE CONTROL
campo de control ES-MaACL
005 - FECHA Y HORA DE LA ÚLTIMA TRANSACCIÓN
campo de control 20250828143532.0
007 - CAMPO FIJO DE DESCRIPCIÓN FÍSICA--INFORMACIÓN GENERAL
campo de control de longitud fija t|
008 - DATOS DE LONGITUD FIJA--INFORMACIÓN GENERAL
campo de control de longitud fija 070214s1928 sp r ||||1| spa d
100 1# - ENTRADA PRINCIPAL--NOMBRE DE PERSONA
Nombre de persona Schnee, Heinrich.
9 (RLIN) 104546
245 13 - MENCIÓN DEL TÍTULO
Título La colonización alemana, el pasado y el futuro :
Resto del título la verdad sobre las colonias alemanas /
Mención de responsabilidad, etc. Heinrich Schnee ; prólogo de José Vasconcelos.
260 ## - PUBLICACIÓN, DISTRIBUCIÓN, ETC.
Lugar de publicación, distribución, etc. Madrid :
Nombre del editor, distribuidor, etc. Internacional,
Fecha de publicación, distribución, etc. 1928.
300 ## - DESCRIPCIÓN FÍSICA
Extensión 160 p., [16] p. de lám. :
Otras características físicas il. ;
Dimensiones 22 cm.
651 #4 - PUNTO DE ACCESO ADICIONAL DE MATERIA--NOMBRE GEOGRÁFICO
Nombre geográfico Alemania-
Subdivisión general Colonias.
9 (RLIN) 164425
700 1# - ENTRADA AGREGADA--NOMBRE PERSONAL
Nombre de persona Vasconcelos, José,
Fechas asociadas al nombre 1881-1959
9 (RLIN) 113268
852 ## - LOCALIZACIÓN
Ubicación ES-MaACL
Número de control de estantería B-3502
Holdings
Estatus retirado Estado de pérdida Estado de daño No para préstamo Biblioteca de origen Biblioteca actual Ubicación en estantería Fecha de adquisición Fuente de adquisición Total de préstamos Signatura topográfica completa Código de barras Visto por última vez Precio de reemplazo Tipo de ítem Koha
        Biblioteca del Ateneo de Madrid Biblioteca del Ateneo de Madrid Sala Pardo Bazán 17/01/2008     B-3502 1145420 23/02/2023 23/02/2023 Libro impreso